LEADER 00678nam0-22002651i-450- 001 990001003670403321 035 $a000100367 035 $aFED01000100367 035 $a(Aleph)000100367FED01 035 $a000100367 100 $a20000920d1962----km-y0itay50------ba 101 0 $aeng 200 1 $aDynamics$fby Robert L. Halfman 210 $aReading [MA] [etc.]$cAddison-Wesley$d1962 610 0 $aMeccanica classica 676 $a531 700 1$aHalfman,$bRobert L.$0239 801 0$aIT$bUNINA$gRICA$2UNIMARC 901 $aBK 912 $a990001003670403321 952 $a24-030$b2827$fFI1 959 $aFI1 996 $aDynamics$9354708 997 $aUNINA DB $aING01